LEADER 01067nam--2200349---450 001 990003044560203316 005 20220520084559.0 010 $a88-7564-114-5 035 $a000304456 035 $aUSA01000304456 035 $a(ALEPH)000304456USA01 035 $a000304456 100 $a20080110d2005----km-y0itay50------ba 101 $aita 102 $aIT 105 $aa---||||001yy 200 1 $a<> fuso rovesciato$efenomenologia dell'amazzone tra archeologia, mito e storia nell'Atene del VI e del V secolo a.C.$fMarco Giuman 210 $aNapoli$cLoffredo$d2005 215 $a407 p.$cill.$d25 cm 225 2 $aQuaderni di Ostraka$v10 410 0$12001$aQuaderni di Ostraka 606 0 $aAmazzoni$xIconografia$yAtene$z6.-5. Sec. a C. 700 1$aGIUMAN,$bMarco$0477410 801 0$aIT$bsalbc$gISBD 912 $a990003044560203316 951 $aXI.3.B. 488$b201755 L.M.$cXI.3.B.$d00064807 951 $aI R OSTRAKA QUAD 10$b7484 DBC$cI R 959 $aBK 969 $aUMA 969 $aDBC 996 $aFuso rovesciato$9240813 997 $aUNISA LEADER 01324nas 2200325 n 450 001 990008999750403321 005 20240229084617.0 035 $a000899975 035 $aFED01000899975 035 $a(Aleph)000899975FED01 035 $a000899975 091 $2CNR$aP 00078610 100 $a20161109a19759999km-y0itaa50------ba 101 0 $aita 110 $aauu-------- 200 1 $aLingua e contesto$eNuovi studi di dialettologia 207 1$a1975- 210 $aManfredonia$c[s.n.] 530 0 $aLingua e contesto 675 $a800.87 801 0$aIT$bACNP$c20090723 859 4 $uhttp://acnp.cib.unibo.it/cgi-ser/start/it/cnr/dc-p1.tcl?catno=51958&person=false&language=ITALIANO&libr=&libr_th=unina1$zBiblioteche che possiedono il periodico 901 $aSE 912 $a990008999750403321 958 $aBRAU. Biblioteca di Ricerca di Area Umanistica$b1975-1978;1983;$eITALIA 198$fFLFBC 959 $aFLFBC 996 $aLingua e contesto$9791079 997 $aUNINA AP1 8 $6866-01$aNA072 BRAU. Biblioteca di Ricerca di Area Umanistica$bITALIA 198$ePiazza Bellini 56/60, 80133 Napoli (NA)$m(081) 2533948$nit AP2 40$aacnp.cib.unibo.it$nACNP Italian Union Catalogue of Serials$uhttp://acnp.cib.unibo.it/cgi-ser/start/it/cnr/df-p.tcl?catno=51958&language=ITALIANO&libr=&person=&B=1&libr_th=unina&proposto=NO